Manuela Ramos : una apuesta por la equidad
| Autor corporatiu: | |
|---|---|
| Format: | Llibre |
| Idioma: | espanyol |
| Publicat: |
Lima, Perú :
[s.n.],
1998
|
| Matèries: |
MARC
| LEADER | 00000nam a2200000Ia 4500 | ||
|---|---|---|---|
| 008 | 180926b1998 p ||||| |||| 00| 0 spa d | ||
| 999 | |c 2555 |d 2555 | ||
| 090 | |a DOC # 6 | ||
| 110 | |a Movimiento Manuela Ramos |9 4334 | ||
| 245 | 1 | 0 | |a Manuela Ramos : una apuesta por la equidad |
| 260 | |a Lima, Perú : |b [s.n.], |c 1998 | ||
| 300 | |a 15 páginas | ||
| 650 | 1 | 4 | |a MUJERES |9 55 |
| 650 | 1 | 4 | |a EQUIDAD |9 343 |
| 650 | 1 | 4 | |a SALUD REPRODUCTIVA |9 62 |
| 650 | 1 | 4 | |a SEXUALIDAD |9 48 |
| 650 | 1 | 4 | |a DERECHOS HUMANOS |9 588 |
| 942 | |i 001165 |h DOC # 6 |2 z |c 05 | ||
